Hacia un diseño curricular para el desarrollo de aprendizajes escolares
I tiakina i:
| Kaituhi matua: | |
|---|---|
| Hōputu: | Pukapuka |
| Reo: | Pāniora |
| I whakaputaina: |
Santiago
CPEIP
1991
|
| Rangatū: | Guía de Aprendizaje: Iniciación a la Vida del Trabajo y Creatividad
|
| Ngā marau: | |
| Ngā Tūtohu: |
Tāpirihia he Tūtohu
Kāore He Tūtohu, Me noho koe te mea tuatahi ki te tūtohu i tēnei pūkete!
|
MARC
| LEADER | 00000nam a2200000 a 4500 | ||
|---|---|---|---|
| 001 | UCU8220 | ||
| 003 | CL-VaPUC | ||
| 008 | 960719e19910000CL |||||||||||||||||spa|d | ||
| 082 | 0 | 4 | |a 375 |b TAK |2 21 |
| 100 | 0 | |a Taky Maragaño, Dina |e author |9 367553 | |
| 245 | 1 | 0 | |a Hacia un diseño curricular para el desarrollo de aprendizajes escolares |
| 300 | |a 36 p | ||
| 942 | |c BK | ||
| 945 | |d 19960719 00:00:00 |a rbrito | ||
| 260 | |a Santiago |b CPEIP |c 1991 | ||
| 650 | 0 | |a Currículo |9 307290 | |
| 650 | 0 | |a Planificación de la educación |9 307333 | |
| 650 | 0 | |a Métodos de enseñanza |9 270413 | |
| 650 | 0 | |a Planificación del currículo |9 269599 | |
| 650 | 0 | |a Formación profesional de profesores |9 307493 | |
| 583 | |a last modification |c 19960719 00:00:00 |k Rodrigo Vera | ||
| 490 | 0 | |a Guía de Aprendizaje: Iniciación a la Vida del Trabajo y Creatividad | |
| 999 | |c 250705 |d 250703 | ||
| 952 | |0 0 |1 0 |4 0 |6 375_000000000000000_TAK_1991 |7 0 |8 A |9 269173 |a BIBEDU |b BIBEDU |d 2019-11-19 |i 3212505 |o 375 TAK 1991 |p 3212505 |r 2019-11-19 |w 2019-11-19 |y BK |k EDU | ||